000 00387nam a2200133Ia 4500
008 220217s9999||||xx |||||||||||||| ||und||
020 _a978-81-7722-861-8
082 _a005.133 KOG
100 _aKogent Solutions Inc.
245 0 _aFlash C in simple steps
260 _aDream tech publications
_bNew Delhi
_c2010
300 _aVI,265p.;28cm
_b179
650 _aPROGRAMMING LANGUAGE
999 _c180488
_d180488